00383nam a22001457a 4500003000500000005001700005020001800022038001200040082001800052100002200070245009100092260002700183300001300210563001400223NUST20211028160410.0 a9789381269411 aKhadija a621.4021bBAL aBalmer, T. Robert aThermodynamic Tables to Accompany Modern Engineering Thermodynamics\cRobert T. Balmer aBostonbElsevierc2011 avi;69p.' apaperback